Computational partial differential equistions: (Record no. 8497)
[ view plain ]
| 000 -LEADER | |
|---|---|
| fixed length control field | 00566nam a22001817a 4500 |
| 003 - CONTROL NUMBER IDENTIFIER | |
| control field | OSt |
| 005 - DATE AND TIME OF LATEST TRANSACTION | |
| control field | 20240614161826.0 |
| 008 - FIXED-LENGTH DATA ELEMENTS--GENERAL INFORMATION | |
| fixed length control field | 240614b |||||||| |||| 00| 0 eng d |
| 020 ## - INTERNATIONAL STANDARD BOOK NUMBER | |
| International Standard Book Number | 9783540434160 |
| 040 ## - CATALOGING SOURCE | |
| Transcribing agency | MUST |
| 082 ## - DEWEY DECIMAL CLASSIFICATION NUMBER | |
| Classification number | 511.353 LAN 2003 |
| 100 ## - MAIN ENTRY--PERSONAL NAME | |
| Personal name | Langtangen, Hans Petter |
| 9 (RLIN) | 17257 |
| 245 ## - TITLE STATEMENT | |
| Title | Computational partial differential equistions: |
| Remainder of title | Numerical methods and Diffpack programming / |
| Statement of responsibility, etc. | Hans Petter Langtangen |
| 300 ## - PHYSICAL DESCRIPTION | |
| Extent | xxvi, 855p. ; |
| Other physical details | ill. , |
| Dimensions | 24cm |
| 504 ## - BIBLIOGRAPHY, ETC. NOTE | |
| Bibliography, etc | Bibliography and index included |
| 650 ## - SUBJECT ADDED ENTRY--TOPICAL TERM | |
| Source of heading or term | Mathematics |
| 942 ## - ADDED ENTRY ELEMENTS (KOHA) | |
| Source of classification or shelving scheme | Dewey Decimal Classification |
| Koha item type | Open Shelf |
| Withdrawn status | Lost status | Source of classification or shelving scheme | Damaged status | Not for loan | Home library | Current library | Date acquired | Source of acquisition | Inventory number | Total Checkouts | Full call number | Barcode | Date last seen | Price effective from | Koha item type |
|---|---|---|---|---|---|---|---|---|---|---|---|---|---|---|---|
| Dewey Decimal Classification | MUST Main Library | MUST Main Library | 14/06/2024 | Purchase | 06/28104 | 511.353 LAN 2003 | 2024-20573 | 14/06/2024 | 14/06/2024 | Open Shelf | |||||
| Other/Generic Classification Scheme | MUST Main Library | MUST Main Library | 17/06/2024 | Purchase | 05/25020 | 511.353 LAN 2003 | 2024-20595 | 17/06/2024 | 17/06/2024 | Open Shelf | |||||
| Other/Generic Classification Scheme | MUST Main Library | MUST Main Library | 17/06/2024 | Purchase | 06/28103 | 511.353 LAN 2003 | 2024-20596 | 17/06/2024 | 17/06/2024 | Open Shelf | |||||
| Other/Generic Classification Scheme | MUST Main Library | MUST Main Library | 17/06/2024 | Purchase | 05/25021 | 511.353 LAN 2003 | 2024-20597 | 17/06/2024 | 17/06/2024 | Open Shelf |
